Online
Catalog

Presente y futuro de la reforma agraria en la República Dominicana / (Record no. 6191)

MARC details
000 -CABECERA
campo de control de longitud fija 01614nam a2200301 i 4500
001 - NÚMERO DE CONTROL
campo de control 000006396
003 - IDENTIFICADOR DEL NÚMERO DE CONTROL
campo de control DO-SdBNP
005 - FECHA Y HORA DE LA ÚLTIMA TRANSACCIÓN
campo de control 20260305073950.0
007 - CAMPO FIJO DE DESCRIPCIÓN FÍSICA--INFORMACIÓN GENERAL
campo de control de longitud fija ta
008 - DATOS DE LONGITUD FIJA--INFORMACIÓN GENERAL
campo de control de longitud fija 090828s1985 dr 000 0 spa d
040 ## - FUENTE DE LA CATALOGACIÓN
Centro catalogador/agencia de origen DO-SdBNP
Lengua de catalogación spa
Centro/agencia transcriptor BNPHU
Normas de descripción rda
082 #4 - NÚMERO DE LA CLASIFICACIÓN DECIMAL DEWEY
Número de clasificación 333.317293
Número de documento/Ítem P933f
Número de edición 22
245 00 - MENCIÓN DE TÍTULO
Título Presente y futuro de la reforma agraria en la República Dominicana /
Mención de responsabilidad, etc. editor Frank Moya Pons ; edición Jeannete Carals.
264 ## - PRODUCCIÓN, PUBLICACIÓN, DISTRIBUCIÓN, FABRICACIÓN Y COPYRIGHT
Producción, publicación, distribución, fabricación y copyright Santo Domingo :
Nombre del de productor, editor, distribuidor, fabricante FORUM,
Fecha de producción, publicación, distribución, fabricación o copyright 1985.
300 ## - DESCRIPCIÓN FÍSICA
Extensión 169 páginas ;
Dimensiones 22 cm.
336 ## - TIPO DE CONTENIDO
Fuente rdacontent
Término de tipo de contenido texto
Código de tipo de contenido txt
337 ## - TIPO DE MEDIO
Fuente rdamedia
Nombre/término del tipo de medio sin mediación
Código del tipo de medio n
338 ## - TIPO DE SOPORTE
Fuente rdacarrier
Nombre/término del tipo de soporte volumen
Código del tipo de soporte nc
490 ## - MENCIÓN DE SERIE
Mención de serie FORUM
Designación de volumen o secuencia 15
500 ## - NOTA GENERAL
Nota general Exposiciones presentadas en el ¨Encuentro sobre el Presente y Futuro de la Reforma Agraria en la República Dominicana¨, celebrado por FORUM en el Hotel Santo Domingo Sur, el lunes 16 de julio de 1984
505 0# - NOTA DE CONTENIDO CON FORMATO
Nota de contenido con formato Presentación -- Palabras del Dr. Eduardo Latorre -- Introdución / Frank Moya Pons -- Administración en la reforma agraria /Norberto A. Quezada -- Reforma agraria : una estrategia frente a la crisis / Francisco T. Rodríguez -- Debate -- Estrategias administrativas para la reforma agraria / Manuel de Ovín Filpo -- Debate -- Manejo de los asentamientos agrarios : reflexiones y alternativas /Domingo Marte -- Debate.
590 ## - NOTA LOCAL (RLIN)
Nota local Inventariado, 2020/BT
650 #4 - PUNTO DE ACCESO ADICIONAL DE MATERIA--TÉRMINO DE MATERIA
Término de materia o nombre geográfico como elemento de entrada Reforma agrária
Subdivisión geográfica República Dominicana
Subdivisión de forma Congresos, conferencias, etc.
9 (RLIN) 17781
700 1# - PUNTO DE ACCESO ADICIONAL--NOMBRE DE PERSONA
Nombre de persona Carals, Jeannete
Término indicativo de función/relación edición
9 (RLIN) 17782
700 1# - PUNTO DE ACCESO ADICIONAL--NOMBRE DE PERSONA
Nombre de persona Moya Pons, Frank,
Fechas asociadas al nombre 1944-
Término indicativo de función/relación editor
9 (RLIN) 2095
910 ## - DATOS DE OPCIÓN DEL USUARIO (OCLC)
Datos de opción del usuario Validado. Control de calidad MFF
942 ## - ELEMENTOS DE PUNTO DE ACCESO ADICIONAL (KOHA)
Fuente del sistema de clasificación o colocación Dewey Decimal Classification
Tipo de ítem Koha Libro
Holdings
Estado de retiro Estado de pérdida Fuente del sistema de clasificación o colocación Restricciones de uso No para préstamo Código de colección Localización permanente Ubicación/localización actual Ubicación en estantería Fecha de adquisición Signatura topográfica completa Código de barras Fecha visto por última vez Número de copia Precio válido a partir de Tipo de ítem Koha
    Dewey Decimal Classification Préstamo en sala   Dominicana de Servicio Biblioteca Nacional Pedro Henríquez Ureña Biblioteca Nacional Pedro Henríquez Ureña Depósito 28.08.2009 BNPHU DS 333.317293 P933f 6396-30 25.06.2020 e.3 25.06.2020 Libro
    Dewey Decimal Classification Préstamo en sala   Dominicana de Servicio Biblioteca Nacional Pedro Henríquez Ureña Biblioteca Nacional Pedro Henríquez Ureña Depósito 28.08.2009 BNPHU DS 333.317293 P933f 6396-40 25.06.2020 e.4 25.06.2020 Libro
    Dewey Decimal Classification Préstamo en sala   Dominicana de Servicio Biblioteca Nacional Pedro Henríquez Ureña Biblioteca Nacional Pedro Henríquez Ureña Depósito 01.08.2019 BNPHU DS 333.317293 P933f 6396-50 25.06.2020 e.5 25.06.2020 Libro
    Dewey Decimal Classification Excluido de préstamo   Patrimonio Dominicano Biblioteca Nacional Pedro Henríquez Ureña Biblioteca Nacional Pedro Henríquez Ureña Depósito 28.08.2009 BNPHU PD 333.317293 P933f 6396-10 25.06.2020   25.06.2020 Libro
    Dewey Decimal Classification Excluido de préstamo   Patrimonio Dominicano Biblioteca Nacional Pedro Henríquez Ureña Biblioteca Nacional Pedro Henríquez Ureña Depósito 28.08.2009 BNPHU PD 333.317293 P933f 6396-20 25.06.2020 e.2 25.06.2020 Libro

Powered by Koha